What the Christian owes the Jew. (Record no. 2501)

000 -LEADER
fixed length control field 00600nam a2200193 a 4500
001 - CONTROL NUMBER
control field :::00000226$&:&@@
003 - CONTROL NUMBER IDENTIFIER
control field OkBaRHE
005 - DATE AND TIME OF LATEST TRANSACTION
control field 20000607103237.0
008 - FIXED-LENGTH DATA ELEMENTS--GENERAL INFORMATION
fixed length control field j 000 0 eng u
040 ## - CATALOGING SOURCE
Transcribing agency
100 1# - MAIN ENTRY--PERSONAL NAME
Personal name Webber, E. F.
245 10 - TITLE STATEMENT
Title What the Christian owes the Jew.
260 ## - PUBLICATION, DISTRIBUTION, ETC. (IMPRINT)
Place of publication, distribution, etc Oklahoma City, OK., :
Name of publisher, distributor, etc E. F. Webber
Date of publication, distribution, etc nd
300 ## - PHYSICAL DESCRIPTION
Extent 86 p. ;
Dimensions 19 cm.
650 ## - SUBJECT ADDED ENTRY--TOPICAL TERM
Topical term or geographic name as entry element Christianity and Other Religions Judaism
650 ## - SUBJECT ADDED ENTRY--TOPICAL TERM
Topical term or geographic name as entry element Judaism
General subdivision Relations
-- Christianity
942 ## - ADDED ENTRY ELEMENTS (KOHA)
Source of classification or shelving scheme
Koha item type Books
Copies
Full call number Permanent Location Not for loan Damaged status Price effective from Shelving location Lost status Source of classification or shelving scheme Date last seen Date acquired Copy number Barcode Koha item type Withdrawn status
BM 535 .W4RHEMA Bible Training College  2010-04-14General Stacks  2010-04-142010-04-141226Books